| 000 | 00464cam a2200181ua 4500 | ||
|---|---|---|---|
| 020 |
_a81-242-0109-9 _c1500.00 |
||
| 041 |
_aeng _h |
||
| 082 |
_a378.33 _bVOH/MA |
||
| 100 | _aVohra, Amrit Lal. | ||
| 245 |
_aManual of UGC Schemes / _cAmritlal Varma. _hTextual Documents |
||
| 250 |
_a1 / _b. |
||
| 260 |
_aNew Delhi : _bCrest Publishing House , _c1997. |
||
| 300 | _a1090 ; . | ||
| 365 | _a1500.00 | ||
| 504 | _a | ||
| 942 | _cBK | ||
| 999 |
_c8004 _d8004 |
||